| 000 -ლიდერი |
| ფიქსირებული სიგრძის საკონტროლო ველი |
01014nam a22002177a 4500 |
| 003 - საკონტროლო ნომრის იდენტიფიკატორი |
| საკონტროლო ველი |
Ge_BSU |
| 005 - ბოლო ოპერაციის თარიღი და დრო |
| საკონტროლო ველი |
20221025125921.0 |
| 008 - ფიქსირებული სიგრძის მონაცემთა ელემენტები - ზოგადი ინფორმაცია |
| ფიქსირებული სიგრძის საკონტროლო ველი |
221025s2006 ge ||||| |||| 00| 0 geo d |
| 020 ## - წიგნის საერთაშორისო სტანდარტული ნომერი |
| International Standard Book Number |
9994087339 |
| 041 ## - ენის კოდი |
| Language code of text/sound track or separate title |
geo |
| 080 ## - უნივერსალური ათობითი კლასიფიკაციის ინდექსი |
| Universal Decimal Classification number |
316.346.2 კ-49 |
| 100 ## - მთავარი ჩანაწერი - პიროვნების სახელი |
| Personal name |
კიკნაძე, თამარ |
| 9 (RLIN) |
15533 |
| 245 ## - ცნობა სათაურის შესახებ |
| Title |
გენდერი-სოციალური და პოლიტიკური სწავლებანი / |
| Statement of responsibility, etc |
თამარ კიკნაძე, ნათელა დონაძე ; [რედ. ლია კაჭარავა]. |
| 264 ## - წარმოების, გამოცემის, დისტრიბუციის და სხვა ცნობები |
| გამოცემის, წარმოების, დისტრიბუციის... ადგილი |
თბილისი : |
| გამოცემის, წარმოების, დისტრიბუციის... სახელწოდება |
სოციალურ მეცნიერებათა ცენტრი, |
| გამოცემის, წარმოების, დისტრიბუციის... თარიღი |
2006. |
| 300 ## - ფიზიკური აღწერა |
| Extent |
134 გვ. : |
| Other physical details |
ცხ. ; |
| Dimensions |
29 სმ. |
| 653 ## - INDEX TERM--UNCONTROLLED |
| Uncontrolled term |
გენდერი |
| 653 ## - INDEX TERM--UNCONTROLLED |
| Uncontrolled term |
ქალთა საკითხი |
| 653 ## - INDEX TERM--UNCONTROLLED |
| Uncontrolled term |
სქესის სოციოლოგია |
| 700 ## - ADDED ENTRY--PERSONAL NAME |
| Personal name |
დონაძე, ნათელა |
| Relator term |
ავტორი |
| 9 (RLIN) |
15532 |
| 942 ## - ADDED ENTRY ELEMENTS (KOHA) |
| Source of classification or shelving scheme |
|
| Koha item type |
წიგნი |